000 00701nam a2200217 i 4500
001 75189
003 ES-MaACL
005 20230906172350.0
007 t|
008 040923s1973 sp ||||1| spa d
100 1 _aGorosquieta Reyes, Javier.
_9164358
245 1 3 _aEl campo español en crisis
_b: (polémica y reportaje) /
_cJavier Gorosquieta.
260 _aBilbao :
_bMensajero,
_c1973 (
_fJosé Luis Cosano)
300 _a349 p. ;
_c22 cm.
490 1 _aBiblioteca Fomento Social ;
_v17
650 0 4 _aAgricultura-
_zEspaña.
_99680
651 4 _aEspaña-
_xPolítica agraria.
_98394
830 1 _aBiblioteca Fomento Social ;
_v17
_9181200
852 _aES-MaACL
_jC-48400
999 _c75189
_d75189